| 000 | 00737nam a2200253Ia 4500 | ||
|---|---|---|---|
| 008 | 241008s9999 xx 000 0 und d | ||
| 020 | _a978-93-91818-20-3 | ||
| 037 | _aTB | ||
| 040 |
_aCRL _beng _cCRL |
||
| 041 |
_aeng _2eng |
||
| 082 | _a2N7 R2 | ||
| 082 | _qCRL | ||
| 100 | _aMahadevan B. Au.; Bhat Vinayak Rajat Au.; Pavana Nagendra Au. | ||
| 245 | 0 | _aIntroduction to Indian knowledge system: concepts and applications | |
| 245 | 0 | _cMahadevan B. Au.; Bhat Vinayak Rajat Au.; Pavana Nagendra Au. | |
| 260 |
_aIndia _bDelhi PHI Learning _c2022 |
||
| 300 | _axxviii,417p. | ||
| 365 | _aINR | ||
| 365 | _b795 | ||
| 650 | _aLibrary Science | ||
| 942 | _c TB | ||
| 942 | _h2N7 R2 | ||
| 999 |
_c1218970 _d1218970 |
||